01147 2200325 4500001002100000005001500021035002000036007000300056008004100059020002200100082001600122084001800138100002800156245022300184250003100407300006500438650001800503700002900521700003400550264003200584336002100616337003000637338002300667040002200690090002200712850001200734504003100746999002200777990002200799INLIS00000000088820520240827030446 a0010-0724000104ta240702s2024 yoia g ind d a978-623-02-8555-404223a661.806 a661.806 YEN t0 aYeni VarianaePengarang10aTren baru dalam dunia minyak atsiri :bekstraksi bawang putih dan bawang merah menggunakan microwave hydrodistillation dan solvent-free microwave extraction /cYeni Variana, Mahfud Mahfud; penyunting, Zakiyatur Rosidah aCetakan pertama: Juni 2024 axii, 92 halaman :bilustrasi, gambar, grafik, tabel ;c20 cm 4aMinyak atsiri0 aMahfud MahfudePengarang0 aZakiyatur RosidahePenyunting31aSleman :bDeepublish,c2024 2rdacontentateks 2rdamediaatanpa perantara 2rdacarrieravolume aYOPDYOGbinderda aCB-D.11 2024-1432 aYOPDYOG aBibliografi: halaman 82-92 aCB-D.11/2024-1432 aCB-D.11/2024-1432